| 000 | 00367nam a2200157Ia 4500 | ||
|---|---|---|---|
| 008 | 210210b1964 xxu||||| |||| 00| 0 eng d | ||
| 041 | _aeng | ||
| 082 | _a336/137 | ||
| 100 | _aNOVE (A) | ||
| 245 | _aSoviet economy | ||
| 260 |
_aLondon _bGeorge Allen & Unwin Ltd _c1964 |
||
| 650 | _aSoviet | ||
| 650 | _aeconomy | ||
| 690 | _aEconomic History | ||
| 906 | _a004874 | ||
| 999 |
_c128476 _d128476 |
||